La Alienación como fenómeno social . La Alienación como realidad en los países capitalistas y en los de socialismo real /

Salvato in:
Dettagli Bibliografici
Autore principale: Schaff, Adam
Altri autori: Venegas, Alejandro trad
Natura: testo
Pubblicazione: Barcelona: Grijalbo
Tags: Aggiungi Tag
Nessun Tag, puoi essere il primo ad aggiungerne!!

MARC

LEADER 00000 a a2200000 04500
001 25736
003
040
090 |a 173600  
100 |a Schaff, Adam  
245 |a La Alienación como fenómeno social . La Alienación como realidad en los países capitalistas y en los de socialismo real /  |c Adam Schaff 
260 |a Barcelona:   |b Grijalbo  
300 |a 366 p  
700 |a Venegas, Alejandro   |a trad  
999 |c 8623  |d 8623